| 000 | 00584nam a2200205 a 4500 | ||
|---|---|---|---|
| 005 | 20140310183341.0 | ||
| 008 | 070306s19uu xx 00 eng d | ||
| 020 | _a9718711163 | ||
| 050 |
_aHF 5500 _b.B979 1994 |
||
| 100 | _aGutierrez, H. | ||
| 245 |
_aBusiness Organization and Management. / _bH. Gutierrez. |
||
| 250 | _a6th ed. | ||
| 260 |
_aQuezon City : _bR..M. Garcia Pub. House, _c1994. |
||
| 300 |
_a262 p. : _c22 cm. |
||
| 521 | _aBSBA | ||
| 650 |
_aOrganizational change _xManagement. |
||
| 650 | _aBusiness organization. | ||
| 942 |
_cBK _2lcc _kLOC |
||
| 999 |
_c21813 _d21813 |
||